Electoral Districts of Victoria - Statistics

General Stats
  • This quiz has been taken 180 times
  • The average score is 52 of 88
Answers on the Map
Answers color-coded by a green-red scale on the quiz's map according to % correct below.
 
Answer Stats
Southern Metro % Correct
Melbourne
91%
Geelong
78%
Mildura
78%
Brighton
76%
Brunswick
76%
Frankston
76%
Kew
76%
Mornington
76%
Hawthorn
74%
Richmond
74%
Shepparton
73%
Albert Park
70%
Essendon
70%
Prahran
70%
Werrribee
70%
Footscray
69%
Northcote
69%
Sandringham
69%
Dandenong
68%
Preston
68%
Bendigo East
67%
Box Hill
67%
Williamstown
67%
Caulfield
66%
Malvern
66%
Bendigo West
65%
Warrandyte
65%
Gippsland East
64%
Mulgrave
64%
Sunbury
64%
Cranbourne
63%
Melton
63%
Bentleigh
62%
Bulleen
62%
Glen Waverley
62%
Pakenham
62%
Point Cook
62%
Ivanhoe
61%
Nepean
61%
Pascoe Vale
61%
Ringwood
61%
Thomastown
61%
Eltham
60%
Gippsland South
60%
Oakleigh
60%
Bass
59%
Berwick
58%
St Albans
58%
Bayswater
57%
South-West Coast
57%
Hastings
56%
Ashwood
55%
Laverton
55%
Morwell
55%
Bundoora
54%
Carrum
54%
Niddrie
54%
Rowville
54%
Tarneit
54%
Broadmeadows
53%
Mordialloc
53%
Narre Warren North
53%
Narre Warren South
53%
Lara
52%
Euroa
50%
Macedon
50%
Sydenham
50%
Wendouree
50%
Bellarine
49%
Croydon
49%
Monbulk
49%
Yan Yean
49%
Mill Park
48%
Ripon
47%
Benambra
46%
Greenvale
46%
Polwarth
46%
Clarinda
45%
Ovens Valley
44%
South Barwon
44%
Evelyn
43%
Murray Plains
42%
Narracan
42%
Lowan
41%
Eureka
40%
Eildon
39%
Kalkallo
39%
Kororoit
38%
No matching quizzes found
Score Distribution
Percent of People with Each Score
Percentile by Number Answered
Your Score History
You have not taken this quiz